Suggestion on rubbers dry bark symptom protection (Record no. 69920)

MARC details
000 -LEADER
fixed length control field 00335nam a2200121Ia 4500
100 ## - MAIN ENTRY--AUTHOR NAME
Personal name Susaewe Punpichaya
245 #0 - TITLE STATEMENT
Title Suggestion on rubbers dry bark symptom protection
260 ## - PUBLICATION, DISTRIBUTION, ETC. (IMPRINT)
Name of publisher Rubber International Magazine
Year of publication 2006
300 ## - PHYSICAL DESCRIPTION
Number of Pages 86-87
650 ## - SUBJECT ADDED ENTRY--TOPICAL TERM
Topical Term Dry bark symptom
942 ## - ADDED ENTRY ELEMENTS (KOHA)
Koha item type Journals
Holdings
Withdrawn status Lost status Damaged status Not for loan Home library Current library Shelving location Date acquired Serial Enumeration / chronology Koha item type
      Journals RRII Library RRII Library Mycology 17/12/2021 Volume 8, Issue 2 Journals